000 00544nam a2200193 a 4500
001 000016126
005 20250703095052.0
008 100226s1966 dr 000 0 spa d
040 _aDO-SdBNP
_bspa
_cBNPHU
082 _a172
_bG216g
100 1 _aGarcía Aybar, José E.
_936120
245 1 3 _aEl Gobernante / :
_bJosé E. García Aybar.
260 _aSanto Domingo :
_bStella,
_c1966.
300 _a268 p. ;
_c23 cm.
650 0 _aÉtica política
_91332
650 0 _aCiencia política
_95772
650 0 _aDemocracia
_9286
049 _aBNPD
999 _c15666
_d15666